[Event "WchT Seniors 50"]
[Site "Prague"]
[Date "2020.03.10"]
[Round "5.2"]
[White "Meister, Jakob"]
[Black "Tolstikh, Nikolay"]
[Result "1/2-1/2"]
[WhiteElo "2427"]
[BlackElo "2320"]
[PlyCount "80"]
[EventDate "2020.03.06"]
[EventType "team-swiss"]
[EventRounds "7"]
[EventCountry "CZE"]
[SourceTitle "CBM 195 Extra"]
[Source "ChessBase"]
[SourceDate "2020.05.31"]
[SourceVersion "1"]
[SourceVersionDate "2020.05.31"]
[SourceQuality "1"]
[WhiteTeam "Germany 50"]
[BlackTeam "Russia 50"]
[WhiteTeamCountry "GER"]
[BlackTeamCountry "RUS"]

1. c4 e6 2. Nc3 d5 3. d4 Be7 4. Nf3 Nf6 5. Bg5 h6 6. Bxf6 Bxf6 7. cxd5 exd5 8. e3 0-0 9. Qc2 Be6 10. Rd1 Nc6 11. a3 Ne7 12. Bd3 Qc8 13. Ne2 Bf5 14. Nf4 Bxd3 15. Rxd3 c6 16. 0-0 Nf5 17. b4 Nd6 18. a4 a6 19. Rb3 Qd7 20. Nd3 Qf5 21. Rc1 Rfe8 22. Nf4 Qd7 23. h3 Rec8 24. Qd1 Qf5 25. g4 Qd7 26. Kg2 Re8 27. Qd3 g6 28. Qd1 Bg7 29. Nd3 Kh7 30. Qc2 Rf8 31. Re1 Rae8 32. Rbb1 Re7 33. Re2 Qe8 34. Rg1 Nc4 35. Ree1 Qc8 36. Nf4 Qe8 37. Qd3 Nd6 38. Qc2 Nc4 39. Kf1 Kg8 40. h4 Rxe3 1/2-1/2

[Event "WchT Seniors 50"]
[Site "Prague"]
[Date "2020.03.07"]
[Round "2.5"]
[White "Tolstikh, Nikolay"]
[Black "Arndt, Olaf"]
[Result "1-0"]
[WhiteElo "2320"]
[BlackElo "1887"]
[PlyCount "63"]
[EventDate "2020.03.06"]
[EventType "team-swiss"]
[EventRounds "7"]
[EventCountry "CZE"]
[SourceTitle "CBM 195 Extra"]
[Source "ChessBase"]
[SourceDate "2020.05.31"]
[SourceVersion "1"]
[SourceVersionDate "2020.05.31"]
[SourceQuality "1"]
[WhiteTeam "Russia 50"]
[BlackTeam "Germany 50 VI"]
[WhiteTeamCountry "RUS"]
[BlackTeamCountry "GER"]

1. e4 e5 2. Nf3 Nc6 3. Bc4 Bc5 4. c3 Nf6 5. d4 exd4 6. e5 d5 7. Bb5 Ne4 8. cxd4 Bb4+ 9. Bd2 Nxd2 10. Nbxd2 0-0 11. Bxc6 bxc6 12. 0-0 Rb8 13. Qc2 Rb6 14. a3 Bxd2 15. Nxd2 Qh4 16. Qc3 c5 17. Nf3 Qf4 18. dxc5 Rg6 19. Kh1 Qg4 20. Rg1 Qh5 21. h3 Rh6 22. Nh2 f6 23. Rae1 fxe5 24. Rxe5 Qg6 25. Qg3 Qc2 26. Rg5 Rf7 27. Rxd5 Bb7 28. Rd8+ Rf8 29. Rxf8+ Kxf8 30. Re1 Rg6 31. Ng4 Qxc5 32. Qf4+ 1-0

[Event "Minsk Amateur op"]
[Site "Minsk"]
[Date "2018.06.27"]
[Round "4"]
[White "Trifonov, Denis"]
[Black "Tolstikh, Nikolay"]
[Result "0-1"]
[WhiteElo "2215"]
[BlackElo "2316"]
[PlyCount "38"]
[EventDate "2018.06.25"]
[EventType "swiss"]
[EventRounds "9"]
[EventCountry "BLR"]
[SourceTitle "CBM 185 Extra"]
[Source "ChessBase"]
[SourceDate "2018.07.29"]
[SourceVersion "1"]
[SourceVersionDate "2018.07.29"]
[SourceQuality "1"]

1. c4 e5 2. Nc3 Nf6 3. g3 d5 4. cxd5 Nxd5 5. Bg2 Nb6 6. d3 Be7 7. a3 a5 8. Be3 0-0 9. Rc1 f5 10. Nf3 Nc6 11. 0-0 Be6 12. Na4 Nxa4 13. Qxa4 Bd5 14. Qb5 f4 15. Bc5 Re8 16. Bxe7 Rxe7 17. Rc5 Bxf3 18. Bxf3 Nd4 19. Qxb7 c6 0-1

[Event "Minsk Amateur op"]
[Site "Minsk"]
[Date "2018.06.25"]
[Round "1"]
[White "Tolstikh, Nikolay"]
[Black "Arkhipov, Vladimir"]
[Result "1-0"]
[WhiteElo "2316"]
[BlackElo "2107"]
[PlyCount "67"]
[EventDate "2018.06.25"]
[EventType "swiss"]
[EventRounds "9"]
[EventCountry "BLR"]
[SourceTitle "CBM 185 Extra"]
[Source "ChessBase"]
[SourceDate "2018.07.29"]
[SourceVersion "1"]
[SourceVersionDate "2018.07.29"]
[SourceQuality "1"]

1. Nf3 d5 2. d4 c5 3. c4 cxd4 4. cxd5 Qa5+ 5. Qd2 Qxd2+ 6. Bxd2 Nf6 7. Nxd4 Nxd5 8. e4 Nf6 9. Nc3 e5 10. Ndb5 Na6 11. Bc4 Bd7 12. Ke2 Rc8 13. b3 Bc5 14. Be3 0-0 15. Nxa7 Bxa7 16. Bxa7 b5 17. Nxb5 Nxe4 18. a4 Nac5 19. f3 Ng5 20. Rac1 Be6 21. h4 Bxc4+ 22. Rxc4 Nge6 23. Rhc1 Nf4+ 24. Kf1 Nfd3 25. R1c3 Rcd8 26. Bxc5 Nxc5 27. Rxc5 Rd1+ 28. Ke2 Ra1 29. Nd6 g6 30. Rxe5 Ra2+ 31. Kf1 Rd2 32. Ne4 Rd1+ 33. Ke2 Rfd8 34. Re8+ 1-0

[Event "Pardubice Czech op-B 24th"]
[Site "Pardubice"]
[Date "2013.07.27"]
[Round "9"]
[White "Gafner, Evgeny J"]
[Black "Tolstikh, Nikolay"]
[Result "0-1"]
[WhiteElo "2264"]
[BlackElo "2328"]
[PlyCount "54"]
[EventDate "2013.07.19"]
[EventType "swiss"]
[EventRounds "9"]
[EventCountry "CZE"]
[SourceTitle "CBM 155 Extra"]
[Source "ChessBase"]
[SourceDate "2013.08.26"]
[SourceVersion "1"]
[SourceVersionDate "2013.08.26"]
[SourceQuality "1"]

1. e4 g6 2. d4 Bg7 3. Nc3 d6 4. f3 c6 5. Be3 b5 6. Qd2 Nd7 7. 0-0-0 Nb6 8. Kb1 Rb8 9. h4 Nc4 10. Bxc4 bxc4 11. g4 h5 12. g5 e6 13. Nh3 Ne7 14. Nf4 0-0 15. Nce2 c5 16. Ng3 cxd4 17. Bxd4 e5 18. Bxa7 Rb7 19. Ngxh5 gxh5 20. Nxh5 Rxa7 21. Nf6+ Bxf6 22. gxf6 Ng6 23. Qg5 c3 24. h5 Qa5 25. a3 Rb7 26. Qh6 Rxb2+ 27. Kc1 Rb1+ 0-1

[Event "Pardubice Czech op-B 24th"]
[Site "Pardubice"]
[Date "2013.07.26"]
[Round "8"]
[White "Tolstikh, Nikolay"]
[Black "Baltabaev, Temirlan"]
[Result "1-0"]
[WhiteElo "2328"]
[BlackElo "2121"]
[PlyCount "116"]
[EventDate "2013.07.19"]
[EventType "swiss"]
[EventRounds "9"]
[EventCountry "CZE"]
[SourceTitle "CBM 155 Extra"]
[Source "ChessBase"]
[SourceDate "2013.08.26"]
[SourceVersion "1"]
[SourceVersionDate "2013.08.26"]
[SourceQuality "1"]

1. Nf3 Nf6 2. c4 e6 3. g3 c5 4. Bg2 d5 5. cxd5 exd5 6. d4 Nc6 7. 0-0 Be7 8. Nc3 0-0 9. b3 Ne4 10. Bb2 Bf6 11. Na4 b5 12. Nxc5 Nxc5 13. Rc1 Nxb3 14. Qxb3 Na5 15. Qxb5 Nc4 16. Bc3 Be6 17. Ne5 Rb8 18. Qa4 Bxe5 19. dxe5 Qb6 20. e3 a6 21. Rfd1 Rfc8 22. Re1 Rd8 23. Qd1 Qc5 24. Rb1 Rb5 25. a4 Rxb1 26. Qxb1 Qc7 27. Qa1 Qc5 28. Rb1 h6 29. Bd4 Qc6 30. a5 Rc8 31. f4 Bf5 32. Rc1 Rb8 33. Qc3 Be6 34. f5 Bxf5 35. e4 dxe4 36. Qxc4 Qg6 37. Qe2 Rb5 38. Re1 Rd5 39. Qe3 Rxa5 40. Bxe4 Bxe4 41. Qxe4 Qe6 42. Rb1 g6 43. Rb8+ Kg7 44. Qa8 g5 45. Rg8+ Kh7 46. Rh8+ Kg6 47. Qe4+ f5 48. Qb7 Rb5 49. Qa8 Rd5 50. Re8 Qd7 51. Re7 Qb5 52. Qg8+ Kh5 53. Qf7+ Kg4 54. h3+ Kxg3 55. Bf2+ Kf4 56. Rb7 Qc4 57. Kh2 Ke4 58. Rd7 Kxe5 1-0

[Event "Pardubice Czech op-B 24th"]
[Site "Pardubice"]
[Date "2013.07.25"]
[Round "7"]
[White "Boitsov, Gennadij"]
[Black "Tolstikh, Nikolay"]
[Result "1/2-1/2"]
[WhiteElo "2148"]
[BlackElo "2328"]
[PlyCount "106"]
[EventDate "2013.07.19"]
[EventType "swiss"]
[EventRounds "9"]
[EventCountry "CZE"]
[SourceTitle "CBM 155 Extra"]
[Source "ChessBase"]
[SourceDate "2013.08.26"]
[SourceVersion "1"]
[SourceVersionDate "2013.08.26"]
[SourceQuality "1"]

1. Nf3 d5 2. d4 Nf6 3. e3 g6 4. Be2 Bg7 5. 0-0 c5 6. Ne5 0-0 7. Nd2 Nc6 8. Ndf3 Qc7 9. c3 Bf5 10. Bd3 Ne4 11. Nxc6 Qxc6 12. Ne5 Qc7 13. f3 Nd6 14. Bxf5 Nxf5 15. Nd3 b6 16. Qe2 e6 17. Bd2 Rac8 18. Rad1 Qb7 19. Ne5 Qc7 20. Ng4 h5 21. Nf2 cxd4 22. exd4 e5 23. g4 hxg4 24. fxg4 Ne7 25. Bg5 Nc6 26. dxe5 Bxe5 27. Nd3 Bg7 28. Bf6 Rfe8 29. Qf2 Bxf6 30. Qxf6 Ne5 31. Nxe5 Rxe5 32. Rd3 Re6 33. Qg5 Re2 34. Rh3 Qc5+ 35. Kh1 Qe7 36. Qxe7 Rxe7 37. Rf2 Rc4 38. Rg3 d4 39. cxd4 Rxd4 40. h3 Kg7 41. Rgf3 b5 42. Ra3 Red7 43. Kg1 Rd2 44. Raf3 R2d5 45. Ra3 Rd2 46. Raf3 Rxf2 47. Rxf2 a5 48. g5 b4 49. b3 Rd3 50. h4 Kf8 51. Re2 Rc3 52. Kg2 Kg7 53. Rf2 Re3 1/2-1/2

[Event "Sochi IM"]
[Site "Sochi"]
[Date "2013.06.23"]
[Round "2"]
[White "Tolstikh, Nikolay"]
[Black "Zakaryan, David"]
[Result "1-0"]
[WhiteElo "2328"]
[BlackElo "2244"]
[PlyCount "77"]
[EventDate "2013.06.22"]
[EventType "tourn"]
[EventRounds "9"]
[EventCountry "RUS"]
[EventCategory "2"]
[SourceTitle "EXT 2014"]
[Source "ChessBase"]
[SourceDate "2013.11.20"]
[SourceVersion "1"]
[SourceVersionDate "2013.11.20"]
[SourceQuality "1"]

1. Nf3 c5 2. e4 Nc6 3. Bb5 g6 4. 0-0 Bg7 5. c3 Nf6 6. Re1 0-0 7. d4 d5 8. e5 Ne4 9. Bxc6 bxc6 10. Nbd2 cxd4 11. cxd4 c5 12. dxc5 Nxc5 13. Nb3 Nxb3 14. Qxb3 Bg4 15. Nd4 Rc8 16. h3 Rc4 17. Qd3 Bd7 18. b3 Rc7 19. Bf4 e6 20. Qd2 Qb8 21. h4 Rfc8 22. Bh6 Bh8 23. Bg5 Rc3 24. Bf6 Bxf6 25. exf6 Qd6 26. Qh6 Qf8 27. Qf4 Qc5 28. Rad1 a5 29. h5 Kf8 30. Qh6+ Ke8 31. Qxh7 gxh5 32. Qxh5 Qd6 33. Nf5 Qf8 34. Ne7 R8c5 35. Qh2 Kd8 36. Qb8+ Bc8 37. Qd6+ Ke8 38. Nxc8 Rxc8 39. Rxe6+ 1-0

[Event "Pardubice Czech op-B 23rd"]
[Site "Pardubice"]
[Date "2012.07.26"]
[Round "7"]
[White "Tolstikh, Nikolay"]
[Black "Radovanovic, Jovica"]
[Result "1/2-1/2"]
[WhiteElo "2318"]
[BlackElo "2341"]
[PlyCount "23"]
[EventDate "2012.07.20"]
[EventType "swiss"]
[EventRounds "9"]
[EventCountry "CZE"]
[SourceTitle "EXT 2013"]
[Source "ChessBase"]
[SourceDate "2012.11.22"]
[SourceVersion "1"]
[SourceVersionDate "2012.11.22"]
[SourceQuality "1"]

1. Nf3 Nf6 2. c4 e6 3. Nc3 Bb4 4. g3 0-0 5. Bg2 d5 6. a3 Be7 7. d4 dxc4 8. Qa4 a6 9. Qxc4 b5 10. Qa2 Bb7 11. 0-0 c5 12. dxc5 1/2-1/2

[Event "Pardubice Czech op-B 23rd"]
[Site "Pardubice"]
[Date "2012.07.24"]
[Round "5"]
[White "Tolstikh, Nikolay"]
[Black "Schueler, Hendrik"]
[Result "1-0"]
[WhiteElo "2318"]
[BlackElo "2160"]
[PlyCount "65"]
[EventDate "2012.07.20"]
[EventType "swiss"]
[EventRounds "9"]
[EventCountry "CZE"]
[SourceTitle "EXT 2013"]
[Source "ChessBase"]
[SourceDate "2012.11.22"]
[SourceVersion "1"]
[SourceVersionDate "2012.11.22"]
[SourceQuality "1"]

1. c4 e6 2. Nf3 d5 3. d4 dxc4 4. e4 b5 5. a4 c6 6. b3 Nf6 7. e5 Nd5 8. bxc4 bxc4 9. Bxc4 Ba6 10. Bxa6 Qa5+ 11. Bd2 Qxa6 12. Qe2 Qxe2+ 13. Kxe2 Nd7 14. Nc3 Nxc3+ 15. Bxc3 Be7 16. Rhb1 0-0 17. d5 Nb6 18. d6 Bd8 19. a5 Nd5 20. Bd2 f6 21. Nd4 fxe5 22. Nxc6 Rf7 23. Nxe5 Bf6 24. Nxf7 Bxa1 25. Rb7 a6 26. Bg5 Bc3 27. Bd8 Nf6 28. Bb6 Rf8 29. Ng5 h6 30. Nf3 Rf7 31. Rxf7 Kxf7 32. Kd3 Bb4 33. Bc7 1-0

[Event "Pardubice Czech op-B 23rd"]
[Site "Pardubice"]
[Date "2012.07.22"]
[Round "3"]
[White "Tolstikh, Nikolay"]
[Black "Pulpan, Jakub"]
[Result "1-0"]
[WhiteElo "2318"]
[BlackElo "2067"]
[PlyCount "81"]
[EventDate "2012.07.20"]
[EventType "swiss"]
[EventRounds "9"]
[EventCountry "CZE"]
[SourceTitle "EXT 2013"]
[Source "ChessBase"]
[SourceDate "2012.11.22"]
[SourceVersion "1"]
[SourceVersionDate "2012.11.22"]
[SourceQuality "1"]

1. Nf3 Nf6 2. c4 e6 3. Nc3 d5 4. d4 c6 5. Bg5 Nbd7 6. e3 a6 7. Rc1 b5 8. c5 Be7 9. Bd3 0-0 10. Qc2 h6 11. Bf4 Nh5 12. b4 f5 13. h3 Nxf4 14. exf4 Qc7 15. Ne5 Nxe5 16. fxe5 a5 17. a3 Bg5 18. Rb1 axb4 19. axb4 Bd7 20. 0-0 Ra3 21. f4 Be7 22. g4 Rfa8 23. Kh1 fxg4 24. hxg4 Qd8 25. Kg2 R8a7 26. Rf3 Qa8 27. g5 hxg5 28. Bh7+ Kh8 29. Bg6 g4 30. Rff1 Kg8 31. Bh7+ Kf8 32. Bg6 Bh4 33. Rh1 Ra2 34. Rb2 Rxb2 35. Qxb2 Qd8 36. Qe2 Be8 37. Qxg4 Bxg6 38. Qxg6 Ra3 39. Rh3 Qe7 40. Qh7 Qf7 41. Qh8+ 1-0

[Event "Olomouc op"]
[Site "Olomouc"]
[Date "2010.08.10"]
[Round "7"]
[White "Vorobyov, Yrij"]
[Black "Tolstikh, Nikolay"]
[Result "1/2-1/2"]
[WhiteElo "2210"]
[BlackElo "2387"]
[PlyCount "22"]
[EventDate "2010.08.04"]
[EventType "swiss"]
[EventRounds "9"]
[EventCountry "CZE"]
[SourceTitle "CBM 137 Extra"]
[Source "ChessBase"]
[SourceDate "2010.09.01"]
[SourceVersion "1"]
[SourceVersionDate "2010.09.01"]
[SourceQuality "1"]

1. d4 Nf6 2. Nf3 e6 3. e3 c5 4. Bd3 d5 5. b3 Nc6 6. a3 Bd6 7. Bb2 0-0 8. Nbd2 a5 9. 0-0 a4 10. dxc5 Bxc5 11. b4 Be7 1/2-1/2

[Event "Olomouc op"]
[Site "Olomouc"]
[Date "2010.08.06"]
[Round "3"]
[White "Freyberg, Dominic"]
[Black "Tolstikh, Nikolay"]
[Result "1-0"]
[WhiteElo "2202"]
[BlackElo "2387"]
[PlyCount "47"]
[EventDate "2010.08.04"]
[EventType "swiss"]
[EventRounds "9"]
[EventCountry "CZE"]
[SourceTitle "CBM 137 Extra"]
[Source "ChessBase"]
[SourceDate "2010.09.01"]
[SourceVersion "1"]
[SourceVersionDate "2010.09.01"]
[SourceQuality "1"]

1. e4 c5 2. Nc3 e6 3. f4 Nc6 4. Nf3 d5 5. d3 Nf6 6. g3 b5 7. Bg2 a6 8. 0-0 Be7 9. f5 b4 10. Ne2 exf5 11. exd5 Nxd5 12. c4 bxc3 13. bxc3 Bd7 14. Nh4 Bxh4 15. gxh4 Be6 16. d4 cxd4 17. Ba3 Qa5 18. c4 Qxa3 19. cxd5 Qe3+ 20. Kh1 0-0 21. dxe6 Rac8 22. exf7+ Kh8 23. Nf4 Rxf7 24. Qh5 1-0

[Event "Pardubice Czech op-B 21st"]
[Site "Pardubice"]
[Date "2010.07.24"]
[Round "2"]
[White "Moltsanov, Ivan"]
[Black "Tolstikh, Nikolay"]
[Result "0-1"]
[WhiteElo "2073"]
[BlackElo "2387"]
[PlyCount "72"]
[EventDate "2010.07.23"]
[EventType "swiss"]
[EventRounds "9"]
[EventCountry "CZE"]
[SourceTitle "CBM 137 Extra"]
[Source "ChessBase"]
[SourceDate "2010.09.01"]
[SourceVersion "1"]
[SourceVersionDate "2010.09.01"]
[SourceQuality "1"]

1. e4 c5 2. d3 Nc6 3. f4 e6 4. Nf3 d5 5. Nc3 Nf6 6. e5 Nd7 7. g3 b5 8. Bg2 b4 9. Ne2 Bb7 10. 0-0 Be7 11. Be3 0-0 12. g4 Qc7 13. Ng3 Rae8 14. h4 f6 15. exf6 Nxf6 16. Bh3 d4 17. Bd2 Nd5 18. Ne2 Bd6 19. Ng5 Ne3 20. Bxe3 dxe3 21. Ne4 Nd4 22. c3 bxc3 23. bxc3 Nxe2+ 24. Qxe2 Bxe4 25. dxe4 Bxf4 26. Rad1 h6 27. h5 Re7 28. Bg2 Qe5 29. c4 Ref7 30. Bf3 Qg5 31. Qg2 Be5 32. Rde1 Rf4 33. a4 Qf6 34. Be2 Rf2 35. Qh3 Qf4 36. a5 Qxe4 0-1

[Event "Pardubice Czech op-B 21st"]
[Site "Pardubice"]
[Date "2010.07.23"]
[Round "1"]
[White "Tolstikh, Nikolay"]
[Black "Krena, Bohuslav"]
[Result "1-0"]
[WhiteElo "2387"]
[BlackElo "2012"]
[PlyCount "101"]
[EventDate "2010.07.23"]
[EventType "swiss"]
[EventRounds "9"]
[EventCountry "CZE"]
[SourceTitle "CBM 137 Extra"]
[Source "ChessBase"]
[SourceDate "2010.09.01"]
[SourceVersion "1"]
[SourceVersionDate "2010.09.01"]
[SourceQuality "1"]

1. Nf3 e6 2. c4 d5 3. d4 c6 4. Qc2 f5 5. g3 Nf6 6. Bg2 Bd6 7. 0-0 0-0 8. Nbd2 b6 9. Ne1 Bb7 10. Nd3 Nbd7 11. Nf3 c5 12. Bf4 Qe7 13. Bxd6 Qxd6 14. cxd5 exd5 15. Nde5 Ne4 16. Nxd7 Qxd7 17. dxc5 bxc5 18. Rfd1 Qe7 19. e3 Rac8 20. Rac1 Rfd8 21. Qa4 Bc6 22. Qa3 Bb5 23. Nd4 Bd7 24. Nb3 Be6 25. Rd4 Rc7 26. Ra4 c4 27. Qxe7 Rxe7 28. Nd4 Rb8 29. Nc6 Reb7 30. Nxb8 Rxb8 31. b3 cxb3 32. axb3 Rxb3 33. Rxa7 Rb2 34. Re7 Rb6 35. Rcc7 Kf8 36. Rb7 Rc6 37. Rec7 Rxc7 38. Rxc7 Nf6 39. Kf1 Ne8 40. Ra7 Nd6 41. Ra5 Ne4 42. Bxe4 dxe4 43. Ra7 h6 44. Ke1 Bf7 45. Kd2 g6 46. Kc3 Kg7 47. Kd4 Kf6 48. Ra6+ Be6 49. Rb6 Kf7 50. Ke5 Bc8 51. Rc6 1-0

[Event "CZE-chT rap"]
[Site "Pardubice"]
[Date "2010.07.18"]
[Round "6.1"]
[White "Tolstikh, Nikolay"]
[Black "Kireev, Aleksei"]
[Result "0-1"]
[WhiteElo "2387"]
[BlackElo "2355"]
[PlyCount "60"]
[EventDate "2010.07.15"]
[EventType "team-swiss"]
[EventRounds "7"]
[EventCountry "CZE"]
[SourceTitle "CBM 137 Extra"]
[Source "ChessBase"]
[SourceDate "2010.09.01"]
[SourceVersion "1"]
[SourceVersionDate "2010.09.01"]
[SourceQuality "1"]

1. e4 d6 2. d4 e5 3. dxe5 dxe5 4. Qxd8+ Kxd8 5. Bc4 f6 6. f4 Bd6 7. f5 Bd7 8. Nf3 Ne7 9. Nc3 a6 10. Be3 b5 11. Bb3 c5 12. 0-0-0 Kc7 13. Nd5+ Nxd5 14. Bxd5 Nc6 15. Rd2 Rad8 16. Rhd1 Ne7 17. Bb7 Bxf5 18. exf5 Nxf5 19. Bxc5 Bxc5 20. Rxd8 Rxd8 21. Rxd8 Kxd8 22. Bxa6 Nd6 23. b3 Kc7 24. a4 bxa4 25. bxa4 Kb6 26. Be2 Ka5 27. Kd2 e4 28. Ne1 Bf2 29. g4 e3+ 30. Kd1 Ne4 0-1